1350 1198 1983 1731 1592 1214 1216 1964 1707 1058 1633 1715 1805 1040 1081 1869 1794 1543 1924 1189 1934 1908 1460 1030 1700 1731 1531 1207 1896 1758 1716 1409 1694 1286 1225 1133 1879 1309 1913 1505 1428 1945 1681 1295 1400 1553 1679 1625 1914 1990 1386 1298 1164 1604 1947 1689 1344 1333 1786 1602 1682 1301 1116 1734 1837 1169 1847 1489 1075 1088 1202 1396 1411 1572 1359 1382 1328 1401 1608 1475 1859 1668 1113 1716 1250 1210 1582 1999 1337 1189 1743 1737 1254 1515 1273 1308 1635 1837 1132 BCNSPRNW ULIB Ver.6.0+V

เปลี่ยนเป็นภาษาไทย

Change to English
 แสดงรายละเอียดบรรณานุกรม
  กลับหน้าหลัก

Brief Record : Get Marc (ISO 2709) : E-mail record : QR code < ปิดหน้าต่าง
LEADER : 00000nam 2200000uu 4500
001    13399127513
003     ULIB
008    020711s2562 th a 000 0 tha d
060  0 ^aวจ^bธ-ก
100    ^aธิดากุล บุญรักษา
245    ^aการเขียนอนุเฉทภาษาอังกฤษ
260    ^aนครสวรรค์ :^bคณะมนุษยศาสตร์และสังคมศาสตร์ มหาวิทยาลัยราชภัฏนครสวรรค์,^c2562
945    ^p0^l0^i007113
999    ^aประนอม เกษจรัล
รายการนี้ยังไม่มีแท็ก
คุณยังไม่ได้ล็อกอิน คุณสามารถมีกิจกรรมร่วมกับเว็บไซต์ได้ แต่ต้องล็อกอินก่อน ::
  ล็อกอิน

รายการสื่อสารสนเทศ

ลำดับที่ ประเภท เลขเรียก/บาร์โค้ด สถานที่ สถานะ
1. งานวิจัย
งานวิจัย
วจ ธ-ก ฉ.1 
  Barcode: 007113
ห้องสมุดวิทยาเขตสวรรค์ประชารักษ์
►วิจัย
บนชั้น

รายการใกล้เคียง
    ชื่อเรื่อง [การเขียนอนุเฉทภาษาอังกฤษ]

BibComment


ยังไม่เคยถูกคอมเมนท์

คอมเมนท์ทรัพยากรรายการนี้
  คอมเมนท์: การเขียนอนุเฉทภา..


 Copyright 2026. Bcnsprnw @Library